[Event "CZE-chT2A 1920"]
[Site "Czech Republic"]
[Date "2020.06.27"]
[Round "10.3"]
[White "Priborsky, Marek"]
[Black "Slapak, Zdenek"]
[Result "1-0"]
[WhiteElo "2203"]
[BlackElo "2070"]
[PlyCount "57"]
[EventDate "2019.10.13"]
[EventType "team-tourn"]
[EventRounds "11"]
[EventCountry "CZE"]
[SourceTitle "EXT 2024"]
[Source "ChessBase"]
[SourceDate "2023.10.10"]
[SourceVersion "1"]
[SourceVersionDate "2023.10.10"]
[SourceQuality "1"]
[WhiteTeam "Pribram Banik"]
[BlackTeam "Strakonice"]
[WhiteTeamCountry "CZE"]
[BlackTeamCountry "CZE"]

1. e4 c5 2. c3 Nf6 3. e5 Nd5 4. d4 cxd4 5. Nf3 e6 6. cxd4 Nc6 7. Nc3 Nxc3 8. bxc3 d6 9. exd6 Bxd6 10. Bd3 h6 11. 0-0 0-0 12. Re1 Qc7 13. Qe2 Bd7 14. Bd2 Rae8 15. Ne5 Nxe5 16. dxe5 Bc5 17. Bxh6 gxh6 18. Qg4+ Kh8 19. Qh4 f5 20. exf6 Bxf2+ 21. Kxf2 Qc5+ 22. Re3 Qg5 23. Qxg5 hxg5 24. Rh3+ Kg8 25. Rh6 Bc6 26. Ke3 Rd8 27. Rf1 b5 28. Rg6+ Kf7 29. Rg7+ 1-0

[Event "CZE-chT2C 1617"]
[Site "Czech Republic"]
[Date "2017.04.02"]
[Round "11.5"]
[White "Pilar, Miloslav"]
[Black "Slapak, Zdenek"]
[Result "1/2-1/2"]
[WhiteElo "2161"]
[BlackElo "2110"]
[PlyCount "20"]
[EventDate "2016.10.09"]
[EventType "team-tourn"]
[EventRounds "11"]
[EventCountry "CZE"]
[SourceTitle "EXT 2022"]
[Source "ChessBase"]
[SourceDate "2021.10.06"]
[SourceVersion "1"]
[SourceVersionDate "2021.10.06"]
[SourceQuality "1"]
[WhiteTeam "Vysehrad II"]
[BlackTeam "Pisek"]
[WhiteTeamCountry "CZE"]
[BlackTeamCountry "CZE"]

1. d4 Nf6 2. Nf3 e6 3. Bf4 d5 4. e3 Be7 5. c4 0-0 6. Nc3 Nbd7 7. cxd5 exd5 8. Be2 c6 9. 0-0 Re8 10. a3 a5 1/2-1/2

[Event "CZE-chT2C 1617"]
[Site "Czech Republic"]
[Date "2017.01.29"]
[Round "7.7"]
[White "Pilny, Jiri"]
[Black "Slapak, Zdenek"]
[Result "1/2-1/2"]
[WhiteElo "1963"]
[BlackElo "2110"]
[PlyCount "110"]
[EventDate "2016.10.09"]
[EventType "team-tourn"]
[EventRounds "11"]
[EventCountry "CZE"]
[SourceTitle "EXT 2022"]
[Source "ChessBase"]
[SourceDate "2021.10.06"]
[SourceVersion "1"]
[SourceVersionDate "2021.10.06"]
[SourceQuality "1"]
[WhiteTeam "Ricany"]
[BlackTeam "Pisek"]
[WhiteTeamCountry "CZE"]
[BlackTeamCountry "CZE"]

1. Nf3 Nf6 2. d4 e6 3. Bf4 d5 4. e3 Be7 5. Bd3 0-0 6. Ne5 Nbd7 7. Nd2 c5 8. c3 Re8 9. Qf3 Nxe5 10. dxe5 Nd7 11. Qh3 Nf8 12. Qg3 Bd7 13. h4 f5 14. h5 Kh8 15. Nf3 Bc6 16. Ng5 Bxg5 17. Bxg5 Qd7 18. Rh4 h6 19. Bf4 Rad8 20. 0-0-0 b5 21. Qh3 b4 22. cxb4 cxb4 23. g4 Bb5 24. Bc2 Rc8 25. Rd2 Rc6 26. gxf5 exf5 27. e4 d4 28. Kd1 fxe4 29. Bxe4 Ra6 30. b3 Qxh3 31. Rxh3 Ne6 32. Bh2 Ng5 33. Rh4 Rd8 34. Bb7 Rb6 35. Bg2 d3 36. Rxb4 Be8 37. Rxb6 Bxh5+ 38. Ke1 axb6 39. f4 Nf3+ 40. Bxf3 Bxf3 41. a4 Be2 42. Bg1 Rf8 43. Be3 g5 44. Rxe2 dxe2 45. fxg5 hxg5 46. Bxg5 Rf1+ 47. Kxe2 Rb1 48. Kd3 Rxb3+ 49. Kc4 Rb1 50. Kd5 Kg8 51. e6 Kf8 52. Kc6 Ke8 53. Be3 Rb4 54. Bxb6 Rxa4 55. Bc5 Ra2 1/2-1/2

[Event "Bratislava Slovan op"]
[Site "Bratislava"]
[Date "2016.05.07"]
[Round "9"]
[White "Slapak, Zdenek"]
[Black "Petran, Peter"]
[Result "0-1"]
[WhiteElo "2123"]
[BlackElo "2342"]
[PlyCount "84"]
[EventDate "2016.04.30"]
[EventType "swiss"]
[EventRounds "9"]
[EventCountry "SVK"]
[SourceTitle "EXT 2017"]
[Source "ChessBase"]
[SourceDate "2016.10.25"]
[SourceVersion "1"]
[SourceVersionDate "2016.10.25"]
[SourceQuality "1"]

1. e4 g6 2. d4 Bg7 3. c4 Nc6 4. Be3 e5 5. d5 Nd4 6. Nc3 c5 7. Bd3 d6 8. Qd2 a6 9. Nge2 Bd7 10. 0-0 Rb8 11. f4 b5 12. Rac1 f6 13. Rf2 Qe7 14. Rcf1 h5 15. fxe5 dxe5 16. h3 Qd6 17. Nf4 Ne7 18. Ne6 Bxe6 19. dxe6 0-0 20. cxb5 axb5 21. Bxd4 cxd4 22. Nxb5 Qxe6 23. b3 Kh8 24. Qe2 Qb6 25. a4 Bh6 26. Kh1 Kg7 27. Rb1 Qa5 28. Qe1 Qxe1+ 29. Rxe1 Nc6 30. Bc4 Rfc8 31. Be6 Rd8 32. Rd1 Nb4 33. Bc4 Rd7 34. Be6 Re7 35. Bc4 Rd8 36. Rf3 Bg5 37. g3 f5 38. exf5 e4 39. Rff1 Bf6 40. fxg6 d3 41. Kg2 e3 42. Rb1 e2 0-1

[Event "Bratislava Slovan op"]
[Site "Bratislava"]
[Date "2016.05.05"]
[Round "7"]
[White "Slapak, Zdenek"]
[Black "Kostial, Jan"]
[Result "1-0"]
[WhiteElo "2123"]
[BlackElo "1637"]
[PlyCount "123"]
[EventDate "2016.04.30"]
[EventType "swiss"]
[EventRounds "9"]
[EventCountry "SVK"]
[SourceTitle "EXT 2017"]
[Source "ChessBase"]
[SourceDate "2016.10.25"]
[SourceVersion "1"]
[SourceVersionDate "2016.10.25"]
[SourceQuality "1"]

1. c4 g6 2. g3 Bg7 3. Nc3 c6 4. Bg2 Nf6 5. e4 d6 6. d4 0-0 7. Nf3 Bg4 8. h3 Bxf3 9. Bxf3 Nbd7 10. 0-0 Qc7 11. Be3 Rad8 12. Rc1 Qb8 13. Bg2 e5 14. d5 h6 15. Qc2 Kh7 16. b4 cxd5 17. cxd5 Rc8 18. Qb3 a6 19. a4 Rc7 20. a5 Rfc8 21. Na4 Rxc1 22. Rxc1 Rxc1+ 23. Bxc1 Qc7 24. Be3 h5 25. f3 Bh6 26. Bxh6 Kxh6 27. Qc3 Qxc3 28. Nxc3 g5 29. Kf2 h4 30. Bf1 hxg3+ 31. Kxg3 Nh5+ 32. Kf2 Kg6 33. Nd1 Kf6 34. Ne3 Ng7 35. Kg3 Nh5+ 36. Kf2 Ng7 37. Nc4 Ke7 38. Kg3 Ne8 39. Kg4 Kf6 40. Nb6 Nxb6 41. axb6 Ke7 42. Kxg5 Nf6 43. h4 Nd7 44. h5 Kf8 45. h6 Nxb6 46. Bh3 Nc4 47. Kf6 Kg8 48. Bc8 a5 49. bxa5 Nxa5 50. Ke7 b5 51. Kxd6 b4 52. Ba6 b3 53. Kxe5 b2 54. Bd3 Nc4+ 55. Kd4 Nd2 56. d6 Nxf3+ 57. Kd5 Ng5 58. e5 Ne6 59. Bb1 Kf8 60. h7 Kg7 61. d7 Nd8 62. Kd6 1-0

[Event "Bratislava Slovan op"]
[Site "Bratislava"]
[Date "2016.05.03"]
[Round "5"]
[White "Slapak, Zdenek"]
[Black "Nestorenko, Dmitry"]
[Result "0-1"]
[WhiteElo "2123"]
[BlackElo "2092"]
[PlyCount "112"]
[EventDate "2016.04.30"]
[EventType "swiss"]
[EventRounds "9"]
[EventCountry "SVK"]
[SourceTitle "EXT 2017"]
[Source "ChessBase"]
[SourceDate "2016.10.25"]
[SourceVersion "1"]
[SourceVersionDate "2016.10.25"]
[SourceQuality "1"]

1. e4 c5 2. Nf3 Nc6 3. Bb5 g6 4. 0-0 Bg7 5. c3 Qb6 6. a4 d6 7. Na3 a6 8. Bc4 Nf6 9. Re1 0-0 10. h3 Nd7 11. d3 e6 12. Qc2 Nce5 13. Nxe5 Nxe5 14. Ba2 Qc6 15. f4 Nd7 16. Be3 b5 17. axb5 axb5 18. d4 Nf6 19. e5 dxe5 20. fxe5 Nd7 21. Qe2 Ba6 22. Qf3 Bb7 23. Qe2 Ra5 24. Rac1 Rd8 25. Bg5 Rc8 26. Rf1 Nb6 27. Bb1 cxd4 28. cxd4 Qd7 29. Bd2 b4 30. Rxc8+ Nxc8 31. Nc4 Ba6 32. Be3 Rd5 33. b3 Qb5 34. Qf3 Rd7 35. Be4 Bb7 36. Rc1 Bd5 37. Kh2 Bf8 38. h4 Qb7 39. Bxd5 Rxd5 40. h5 Na7 41. Rf1 Qe7 42. Qg4 Nb5 43. hxg6 hxg6 44. Nd2 Qa7 45. Nf3 Bg7 46. Ng5 Rd7 47. Nxe6 Bxe5+ 48. Kh3 Re7 49. Nc5 Bg7 50. Qc8+ Kh7 51. Bg5 Rc7 52. Qg4 Nxd4 53. Ne4 f5 54. Qh4+ Kg8 55. Nf6+ Bxf6 56. Bxf6 Rh7 0-1

[Event "SVK-chT2A 1516"]
[Site "Slovakia"]
[Date "2016.02.14"]
[Round "9.1"]
[White "Balogh, Peter"]
[Black "Slapak, Zdenek"]
[Result "1/2-1/2"]
[WhiteElo "2132"]
[BlackElo "2120"]
[PlyCount "22"]
[EventDate "2015.10.17"]
[EventType "team-tourn"]
[EventRounds "11"]
[EventCountry "SVK"]
[SourceTitle "EXT 2017"]
[Source "ChessBase"]
[SourceDate "2016.10.25"]
[SourceVersion "1"]
[SourceVersionDate "2016.10.25"]
[SourceQuality "1"]
[WhiteTeam "Velky Meder"]
[BlackTeam "Bratislava Slovan IV"]
[WhiteTeamCountry "SVK"]
[BlackTeamCountry "SVK"]

1. e4 c5 2. Nf3 Nc6 3. b3 d6 4. Bb2 e6 5. Bb5 Bd7 6. 0-0 Nf6 7. Re1 Be7 8. Bxc6 Bxc6 9. e5 dxe5 10. Nxe5 Qd5 11. Nxc6 Qxc6 1/2-1/2

[Event "SVK-chT2A 1516"]
[Site "Slovakia"]
[Date "2015.10.17"]
[Round "1.2"]
[White "Slapak, Zdenek"]
[Black "Bury, Rastislav"]
[Result "1/2-1/2"]
[WhiteElo "2120"]
[BlackElo "2130"]
[PlyCount "49"]
[EventDate "2015.10.17"]
[EventType "team-tourn"]
[EventRounds "11"]
[EventCountry "SVK"]
[SourceTitle "CBM 169 Extra"]
[Source "ChessBase"]
[SourceDate "2015.12.18"]
[SourceVersion "1"]
[SourceVersionDate "2015.12.18"]
[SourceQuality "1"]
[WhiteTeam "Bratislava Slovan IV"]
[BlackTeam "Osuske II"]
[WhiteTeamCountry "SVK"]
[BlackTeamCountry "SVK"]

1. c4 Nf6 2. Nf3 e6 3. Nc3 d5 4. d4 c6 5. e3 Be7 6. Qc2 b6 7. b3 Bb7 8. Bb2 Nbd7 9. Bd3 c5 10. cxd5 exd5 11. 0-0 0-0 12. Rac1 Rc8 13. Rfd1 Qc7 14. Bf5 g6 15. Bh3 Rcd8 16. Ne5 Nxe5 17. dxe5 Ne4 18. Nxe4 dxe4 19. e6 f6 20. Qc4 Rd6 21. Bg4 Bc6 22. a4 Kg7 23. Rxd6 Qxd6 24. Rd1 Qc7 25. f4 1/2-1/2

[Event "SVK-chT2A 1415"]
[Site "Slovakia"]
[Date "2014.12.07"]
[Round "6.5"]
[White "Meszaros, Lorant"]
[Black "Slapak, Zdenek"]
[Result "1/2-1/2"]
[WhiteElo "2071"]
[BlackElo "2091"]
[PlyCount "47"]
[EventDate "2014.10.11"]
[EventType "team-tourn"]
[EventRounds "11"]
[EventCountry "SVK"]
[SourceTitle "EXT 2016"]
[Source "ChessBase"]
[SourceDate "2015.10.08"]
[SourceVersion "1"]
[SourceVersionDate "2015.10.08"]
[SourceQuality "1"]
[WhiteTeam "Potonska Veza"]
[BlackTeam "Bratislava DP"]
[WhiteTeamCountry "SVK"]
[BlackTeamCountry "SVK"]

1. d4 Nf6 2. c4 e6 3. g3 c5 4. d5 exd5 5. cxd5 d6 6. Nc3 Be7 7. Bg2 0-0 8. Nf3 Na6 9. 0-0 Rb8 10. a4 Nb4 11. Nd2 b6 12. Nc4 a6 13. a5 b5 14. Nb6 Nd7 15. Nxc8 Qxc8 16. Qb3 Ne5 17. Ne4 Nc4 18. Nd2 Qg4 19. Bf3 Qd4 20. Rd1 Rfd8 21. Ne4 Qe5 22. Nd2 Qd4 23. Ne4 Qe5 24. Nd2 1/2-1/2

[Event "SVK-chT2A 1415"]
[Site "Slovakia"]
[Date "2014.12.06"]
[Round "5.6"]
[White "Slapak, Zdenek"]
[Black "Pytlik, Pavol"]
[Result "1-0"]
[WhiteElo "2091"]
[BlackElo "2027"]
[PlyCount "71"]
[EventDate "2014.10.11"]
[EventType "team-tourn"]
[EventRounds "11"]
[EventCountry "SVK"]
[SourceTitle "EXT 2016"]
[Source "ChessBase"]
[SourceDate "2015.10.08"]
[SourceVersion "1"]
[SourceVersionDate "2015.10.08"]
[SourceQuality "1"]
[WhiteTeam "Bratislava DP"]
[BlackTeam "Bratislava Lokomotiva"]
[WhiteTeamCountry "SVK"]
[BlackTeamCountry "SVK"]

1. c4 Nf6 2. Nc3 g6 3. g3 Bg7 4. Bg2 0-0 5. d4 d6 6. Nf3 c6 7. 0-0 Qc7 8. h3 e5 9. e4 Re8 10. Re1 Nbd7 11. b3 a6 12. a4 c5 13. dxe5 dxe5 14. a5 Rb8 15. Be3 b5 16. axb6 Rxb6 17. Nd5 Nxd5 18. cxd5 f5 19. Ng5 Qb8 20. exf5 gxf5 21. Ra3 Rg6 22. Ne6 Nf6 23. Nxg7 Rxg7 24. Bxc5 f4 25. b4 Nd7 26. Qh5 Nf6 27. Qd1 Nd7 28. gxf4 Nxc5 29. bxc5 Qb4 30. Qc1 Rf8 31. Rxe5 Qd4 32. Qe3 Qb2 33. Rb3 Qa1+ 34. Kh2 Rgf7 35. Re8 Rxf4 36. Rxc8 1-0

[Event "SVK-chT1W 1415"]
[Site "Slovakia"]
[Date "2014.11.29"]
[Round "3.4"]
[White "Mrazik, Vladislav"]
[Black "Slapak, Zdenek"]
[Result "0-1"]
[WhiteElo "1826"]
[BlackElo "2091"]
[PlyCount "108"]
[EventDate "2014.10.18"]
[EventType "team-tourn"]
[EventRounds "11"]
[EventCountry "SVK"]
[SourceTitle "EXT 2016"]
[Source "ChessBase"]
[SourceDate "2015.10.08"]
[SourceVersion "1"]
[SourceVersionDate "2015.10.08"]
[SourceQuality "1"]
[WhiteTeam "Trencin SK"]
[BlackTeam "Bratislava Slovan III"]
[WhiteTeamCountry "SVK"]
[BlackTeamCountry "SVK"]

1. d4 Nf6 2. c4 e6 3. Nc3 d5 4. cxd5 exd5 5. Bg5 Nbd7 6. e3 c6 7. Bd3 Be7 8. Nge2 0-0 9. 0-0 Re8 10. Qc2 h6 11. Bh4 Ne4 12. Bxe7 Qxe7 13. Rae1 Ndf6 14. f3 Nxc3 15. Nxc3 Be6 16. a3 Rad8 17. Qf2 Qd7 18. Ne2 Bf5 19. Bxf5 Qxf5 20. Ng3 Qd7 21. Rd1 Re7 22. Rfe1 Rde8 23. Re2 g6 24. Rde1 h5 25. h4 Kg7 26. Kh1 a6 27. e4 dxe4 28. fxe4 Qg4 29. e5 Qxh4+ 30. Kg1 Qg5 31. exf6+ Qxf6 32. Qxf6+ Kxf6 33. Rxe7 Rxe7 34. Rxe7 Kxe7 35. Kf2 Ke6 36. Ke3 f5 37. b3 h4 38. Ne2 g5 39. Ng1 a5 40. Nf3 Kf6 41. Ng1 Ke6 42. Nh3 Kf6 43. b4 a4 44. d5 cxd5 45. Kd4 f4 46. Kxd5 Kf5 47. Nf2 g4 48. Kd4 g3 49. Nh3 Kg4 50. Ng1 f3 51. gxf3+ Kf4 52. Kd3 g2 53. Ke2 Kg3 54. f4 h3 0-1

[Event "CZE-chT2A 1314"]
[Site "Czech Republic"]
[Date "2014.03.23"]
[Round "10.1"]
[White "Slapak, Zdenek"]
[Black "Freisler, Pavel"]
[Result "1/2-1/2"]
[WhiteElo "2100"]
[BlackElo "2357"]
[PlyCount "114"]
[EventDate "2013.11.03"]
[EventType "team-tourn"]
[EventRounds "11"]
[EventCountry "CZE"]
[SourceTitle "EXT 2015"]
[Source "ChessBase"]
[SourceDate "2014.11.20"]
[SourceVersion "1"]
[SourceVersionDate "2014.11.20"]
[SourceQuality "1"]
[WhiteTeam "Strakonice"]
[BlackTeam "Kladno"]
[WhiteTeamCountry "CZE"]
[BlackTeamCountry "CZE"]

1. e4 e5 2. Nf3 Nc6 3. Bb5 Nf6 4. Qe2 Be7 5. 0-0 0-0 6. c3 d6 7. h3 Bd7 8. d4 a6 9. Bxc6 Bxc6 10. Nbd2 exd4 11. Nxd4 Re8 12. Re1 Bf8 13. Nxc6 bxc6 14. b3 d5 15. e5 Bc5 16. b4 Bb6 17. Bb2 a5 18. Qf3 Nd7 19. Qg3 Re6 20. Nf3 Qe7 21. bxa5 Bxa5 22. Nd4 Rxe5 23. Rxe5 Qxe5 24. Nxc6 Qe2 25. Ba3 Bb6 26. c4 dxc4 27. Ne7+ Kh8 28. Rc1 Bxf2+ 29. Qxf2 Qxf2+ 30. Kxf2 Rxa3 31. Rd1 Rd3 32. Rxd3 cxd3 33. a4 Nc5 34. a5 g6 35. Nd5 Na6 36. Ke3 Kg7 37. Kxd3 c6 38. Ne7 Nb8 39. Kc4 Kf6 40. Nc8 Ke6 41. Kc5 Kd7 42. Nb6+ Kc7 43. Na8+ Kb7 44. Nb6 Na6+ 45. Kd6 Nb4 46. Nc4 f5 47. h4 h6 48. Ne5 g5 49. hxg5 hxg5 50. Nf7 Nd3 51. Nxg5 Nf4 52. Ne6 Nxg2 53. Nc5+ Ka7 54. Kxc6 f4 55. Nd3 f3 56. Kd5 Nf4+ 57. Ke4 Nxd3 1/2-1/2

[Event "Bratislava Doprastav op"]
[Site "Bratislava"]
[Date "2013.07.02"]
[Round "6"]
[White "Slapak, Zdenek"]
[Black "Schwarz, Dusan"]
[Result "1/2-1/2"]
[WhiteElo "2079"]
[BlackElo "2381"]
[PlyCount "157"]
[EventDate "2013.06.28"]
[EventType "swiss"]
[EventRounds "9"]
[EventCountry "SVK"]
[SourceTitle "EXT 2015"]
[Source "ChessBase"]
[SourceDate "2014.11.20"]
[SourceVersion "1"]
[SourceVersionDate "2014.11.20"]
[SourceQuality "1"]

1. c4 e5 2. Nc3 Nf6 3. Nf3 Nc6 4. g3 Bb4 5. Bg2 0-0 6. 0-0 Re8 7. Nd5 Nxd5 8. cxd5 Nd4 9. e3 Nxf3+ 10. Qxf3 d6 11. a3 Bc5 12. b4 Bb6 13. Bb2 Qg5 14. h3 e4 15. Qf4 Qxf4 16. gxf4 a5 17. Kh2 Bd7 18. Rg1 g6 19. Rgc1 f5 20. Bf1 Kf7 21. Bc3 axb4 22. axb4 c6 23. Bc4 Ke7 24. Kg3 cxd5 25. Bxd5 Bc6 26. Bb3 Kd7 27. Bb2 Rxa1 28. Rxa1 d5 29. b5 Bxb5 30. Bxd5 Bc6 31. Bb3 Bc5 32. h4 Kc7 33. Be5+ Bd6 34. Bd4 Bb5 35. Rc1+ Kb8 36. Bf7 Re7 37. Bd5 Be8 38. Bf6 Rc7 39. Rxc7 Kxc7 40. h5 gxh5 41. Kh4 Bb4 42. Kg5 Bd7 43. Be5+ Kc8 44. Bg8 Bxd2 45. Bxh7 b5 46. Bxf5 Bxf5 47. Kxf5 b4 48. Bb2 Bc3 49. Bc1 h4 50. Kxe4 Kd7 51. Kf3 Kd6 52. e4 Kc5 53. e5 Kd5 54. Kg4 b3 55. Kxh4 Bd2 56. Ba3 Bxf4 57. Kg4 Bxe5 58. f4 Bd6 59. Bb2 Ke4 60. f5 Be5 61. Bc1 Kd3 62. Kg5 Kc2 63. Ba3 Bd6 64. Bxd6 b2 65. f6 b1Q 66. f7 Qg1+ 67. Kf6 Qf2+ 68. Ke7 Qh4+ 69. Ke8 Qh5 70. Ke7 Qh7 71. Ke8 Qe4+ 72. Be7 Qg6 73. Bd6 Kd3 74. Ke7 Qe4+ 75. Kd7 Qb7+ 76. Ke6 Qe4+ 77. Kd7 Qh7 78. Ke6 Qg6+ 79. Ke7 1/2-1/2

[Event "Bratislava Slovan op"]
[Site "Bratislava"]
[Date "2013.05.03"]
[Round "8"]
[White "Slapak, Zdenek"]
[Black "Balazec, Ludovit"]
[Result "1/2-1/2"]
[WhiteElo "2077"]
[BlackElo "1993"]
[PlyCount "90"]
[EventDate "2013.04.27"]
[EventType "swiss"]
[EventRounds "9"]
[EventCountry "SVK"]
[SourceTitle "CBM 154 Extra"]
[Source "ChessBase"]
[SourceDate "2013.06.25"]
[SourceVersion "2"]
[SourceVersionDate "2013.06.25"]
[SourceQuality "1"]

1. c4 e6 2. Nc3 d5 3. d4 Nf6 4. Nf3 c5 5. e3 Nc6 6. cxd5 Nxd5 7. Be2 cxd4 8. exd4 Be7 9. 0-0 0-0 10. a3 a6 11. Qc2 Bf6 12. Rd1 Re8 13. Ne4 h6 14. Nxf6+ Qxf6 15. Qe4 Qe7 16. Ne5 Bd7 17. Qg4 Nf6 18. Qg3 Ne4 19. Qf4 f5 20. Bh5 g5 21. Qe3 Nxe5 22. dxe5 Rf8 23. f3 Nc5 24. Bd2 f4 25. Qc3 Rac8 26. Qb4 a5 27. Qxa5 Qg7 28. Bc3 Nb3 29. Qb6 Nxa1 30. Qxb7 Bc6 31. Qxg7+ Kxg7 32. Rxa1 Rfd8 33. Kf2 Ba4 34. Bg4 Bb3 35. g3 fxg3+ 36. Kxg3 Rd3 37. h4 Kg6 38. h5+ Kf7 39. a4 Bd5 40. a5 Rc4 41. Rf1 Bb7 42. Rf2 Ke7 43. Bh3 Rf4 44. Bg4 Rc4 45. Bh3 Rf4 1/2-1/2

[Event "Bratislava Slovan op"]
[Site "Bratislava"]
[Date "2013.05.01"]
[Round "6"]
[White "Slapak, Zdenek"]
[Black "Slobodnik, Michal"]
[Result "1/2-1/2"]
[WhiteElo "2077"]
[BlackElo "1817"]
[PlyCount "132"]
[EventDate "2013.04.27"]
[EventType "swiss"]
[EventRounds "9"]
[EventCountry "SVK"]
[SourceTitle "EXT 2023"]
[Source "ChessBase"]
[SourceDate "2022.10.05"]
[SourceVersion "1"]
[SourceVersionDate "2022.10.05"]
[SourceQuality "1"]

1. c4 g6 2. Nc3 Bg7 3. d4 c5 4. Nf3 cxd4 5. Nxd4 Nc6 6. e3 Nf6 7. Be2 d6 8. 0-0 0-0 9. b3 Re8 10. Bb2 Nxd4 11. Qxd4 Bd7 12. Nd5 Bc6 13. Rad1 Nh5 14. Qd2 Bxb2 15. Qxb2 Ng7 16. e4 Ne6 17. e5 Bxd5 18. cxd5 Nf4 19. Bb5 Rf8 20. Qd4 dxe5 21. Qxe5 Qd6 22. Qxd6 exd6 23. g3 Nh3+ 24. Kg2 Ng5 25. Rc1 Ne4 26. Rc7 Rac8 27. Rfc1 Rxc7 28. Rxc7 a6 29. Bd7 Nf6 30. Rxb7 Nxd5 31. Ra7 Rd8 32. Bg4 Nc3 33. Rxa6 d5 34. Kf1 d4 35. a4 h5 36. Bf3 Rb8 37. Ra8 Rxa8 38. Bxa8 Kf8 39. Ke1 Ke7 40. Kd2 Kd6 41. Kd3 Kc5 42. a5 Na2 43. Bb7 Nc1+ 44. Kc2 Na2 45. a6 Nb4+ 46. Kd2 Kb6 47. f4 Ka7 48. Bc8 f6 49. h4 Nc6 50. Kd3 Ne7 51. Be6 Kxa6 52. Kxd4 Kb5 53. Kc3 Kc5 54. b4+ Kd6 55. Bh3 Nd5+ 56. Kc4 Ne3+ 57. Kb5 Nc2 58. Ka5 Nd4 59. b5 Kc7 60. b6+ Kb8 61. g4 hxg4 62. Bxg4 f5 63. h5 gxh5 64. Bxh5 Ne6 65. Bg6 Nxf4 66. Bxf5 Nd5 1/2-1/2

[Event "Bratislava Slovan op"]
[Site "Bratislava"]
[Date "2013.04.30"]
[Round "5"]
[White "Karas, Marek"]
[Black "Slapak, Zdenek"]
[Result "1-0"]
[WhiteElo "1990"]
[BlackElo "2077"]
[PlyCount "127"]
[EventDate "2013.04.27"]
[EventType "swiss"]
[EventRounds "9"]
[EventCountry "SVK"]
[SourceTitle "CBM 154 Extra"]
[Source "ChessBase"]
[SourceDate "2013.06.25"]
[SourceVersion "2"]
[SourceVersionDate "2013.06.25"]
[SourceQuality "1"]

1. d4 f5 2. c4 e6 3. Nf3 d5 4. g3 c6 5. Bg2 Nf6 6. 0-0 Be7 7. b3 Na6 8. Ba3 Nb4 9. Bb2 0-0 10. a3 Na6 11. Nbd2 Bd7 12. Ne5 Nc7 13. Qc2 Nce8 14. f3 Rc8 15. e4 g6 16. Rac1 Ng7 17. Qd3 Be8 18. exd5 exd5 19. Rfe1 Kh8 20. Re2 f4 21. Rce1 Rc7 22. Nf1 fxg3 23. hxg3 a6 24. c5 Ng8 25. Bc3 Rc8 26. Qd2 Bg5 27. f4 Bh6 28. Bh3 Ra8 29. Ba5 Qf6 30. Ng4 Qf7 31. Nxh6 Nxh6 32. Re7 Qf6 33. Rxb7 Nhf5 34. Re5 h5 35. Bc7 Bf7 36. Qf2 Kg8 37. Nh2 Be6 38. Nf3 Bc8 39. Rb6 Ne8 40. Bb8 Bd7 41. Re2 Qd8 42. Be5 Nf6 43. Bxf6 Qxf6 44. Ne5 Rad8 45. Rxa6 h4 46. Nxd7 Rxd7 47. Bxf5 gxf5 48. Qe3 Rg7 49. Qe6+ Kh8 50. Qxf6 Rxf6 51. Re3 hxg3 52. Kg2 Rg4 53. Rxg3 Rxf4 54. Ra8+ Kh7 55. Ra7+ Kh6 56. Ra8 Rg4 57. Rd8 Kg5 58. Rd6 Rf8 59. Rxc6 Re8 60. Rxg4+ fxg4 61. Rd6 Kf4 62. c6 Ke4 63. c7 Kxd4 64. Rd8 1-0

[Event "Bratislava Slovan op"]
[Site "Bratislava"]
[Date "2013.04.28"]
[Round "2"]
[White "Slapak, Zdenek"]
[Black "Petran, Peter"]
[Result "1-0"]
[WhiteElo "2077"]
[BlackElo "2313"]
[PlyCount "180"]
[EventDate "2013.04.27"]
[EventType "swiss"]
[EventRounds "9"]
[EventCountry "SVK"]
[SourceTitle "EXT 2023"]
[Source "ChessBase"]
[SourceDate "2022.10.05"]
[SourceVersion "1"]
[SourceVersionDate "2022.10.05"]
[SourceQuality "1"]

1. d4 g6 2. e4 Bg7 3. Nc3 c6 4. Nf3 d5 5. h3 b5 6. exd5 b4 7. Ne4 cxd5 8. Nc5 Nf6 9. Bf4 0-0 10. Bd3 Nbd7 11. Nxd7 Bxd7 12. 0-0 Qb6 13. Re1 e6 14. Be5 Bb5 15. Re3 Bxd3 16. Rxd3 Rfc8 17. Rc1 a5 18. Nd2 Rc6 19. a3 Rac8 20. Rb3 Nd7 21. Bxg7 Kxg7 22. Nf3 Rc4 23. axb4 a4 24. Ra3 Qxb4 25. Ra2 Nb6 26. c3 Qb5 27. Qe2 Qe8 28. Rca1 f6 29. Re1 R4c6 30. Nd2 g5 31. Qe3 h6 32. f4 Qg6 33. fxg5 hxg5 34. Rc1 Kf7 35. Raa1 Rh8 36. b3 g4 37. hxg4 Qxg4 38. bxa4 Rcc8 39. Qf3 Qxf3 40. Nxf3 Nc4 41. Kf2 Ra8 42. Rcb1 Ra7 43. Rb4 Kg6 44. Ne1 Rh1 45. Nc2 Rh8 46. Ne3 Nd6 47. Ke2 Ra6 48. c4 dxc4 49. Nxc4 Nf5 50. Ne3 Ne7 51. Kd3 Nc6 52. Rc4 Rd8 53. Kc3 e5 54. d5 Nd4 55. a5 Rda8 56. Rca4 Rb8 57. Nc4 Rb3+ 58. Kd2 Rg3 59. Rb1 Rxg2+ 60. Kc3 Rg3+ 61. Kb4 Kf5 62. Kc5 Nb3+ 63. Kb5 Ra8 64. Nd6+ Kg6 65. Kb6 f5 66. a6 Kf6 67. Rb4 Nd2 68. R1b2 Rd3 69. Kb7 Rxa6 70. Kxa6 Rxd5 71. Nc4 Nxc4 72. Rxc4 e4 73. Rc8 f4 74. Rb6+ Ke5 75. Re8+ Kf5 76. Rf8+ Kg4 77. Rbf6 f3 78. Rf4+ Kg3 79. Rxe4 Rd3 80. Ref4 Kf2 81. Kb5 Ke2 82. Kc4 Re3 83. R4f7 Ra3 84. Rb7 Ra2 85. Kb3 Rd2 86. Re7+ Kf2 87. Kc3 Re2 88. Ref7 Re3+ 89. Kd4 Ra3 90. Rf5 Ke2 1-0

[Event "Bratislava Slovan op"]
[Site "Bratislava"]
[Date "2011.06.12"]
[Round "7"]
[White "Danada, Ondrej"]
[Black "Slapak, Zdenek"]
[Result "0-1"]
[WhiteElo "1897"]
[BlackElo "2112"]
[PlyCount "116"]
[EventDate "2011.06.07"]
[EventType "swiss"]
[EventRounds "9"]
[EventCountry "SVK"]
[SourceTitle "EXT 2023"]
[Source "ChessBase"]
[SourceDate "2022.10.05"]
[SourceVersion "1"]
[SourceVersionDate "2022.10.05"]
[SourceQuality "1"]

1. e4 e5 2. Nf3 Nc6 3. d4 exd4 4. Bc4 Be7 5. Nxd4 d6 6. Nc3 Nf6 7. h3 0-0 8. 0-0 Ne5 9. Be2 c5 10. Nb3 a6 11. a4 Bd7 12. Bg5 Bc6 13. Bxf6 Bxf6 14. f4 Ng6 15. Bc4 Bxc3 16. bxc3 Bxe4 17. Bd5 Bxd5 18. Qxd5 Qc7 19. Rad1 Rad8 20. Qh5 f5 21. Qf3 Ne7 22. c4 Qc6 23. Qxc6 Nxc6 24. Rd2 b6 25. Rfd1 Rf6 26. a5 Nxa5 27. Nxa5 bxa5 28. Ra1 Re6 29. Rxa5 Ra8 30. Rd3 Kf7 31. Rda3 Re4 32. Rxa6 Rxa6 33. Rxa6 Ke6 34. Ra7 Rxf4 35. Rxg7 Rxc4 36. Rxh7 Rxc2 37. h4 c4 38. h5 Ra2 39. h6 d5 40. Rg7 Ra8 41. Kf2 Ra1 42. h7 Rh1 43. Ke3 Kf6 44. Rd7 Kg6 45. Rxd5 Rxh7 46. Rc5 Rh4 47. Rc8 Kf6 48. Rf8+ Ke5 49. Rc8 Re4+ 50. Kd2 Kf4 51. Kc3 Kg3 52. Rg8+ Rg4 53. Rf8 f4 54. Rc8 Kxg2 55. Rxc4 Rg3+ 56. Kd2 f3 57. Rf4 Rg8 58. Rf7 f2 0-1